Seriale i Filmy DCEU (DC Extended Universe) - Statystyki

Ogólne statystyki
  • Ten quiz został rozwiązany 204 razy
    74 od ostatniego zresetowania
  • Średni wynik to 12 z 22
Statystyki odpowiedzi
Rok wydania Odpowiedź Uwagi % Poprawnych
2022 Batman Alternatywne Uniwersum
100%
2017 Wonder Woman
89%
2017 Liga Sprawiedliwości
87%
2023 The Flash
84%
2013 Człowiek ze stali
79%
2018 Aquaman
75%
2016 Legion samobójców
69%
2021 Liga Sprawiedliwości Zacka Snydera Wersja reżyserska filmu
57%
2019 Joker Alternatywne Uniwersum
54%
2020 Wonder Woman 1984
52%
2016 Batman v Superman: Świt sprawiedliwości
49%
2021 Legion samobójców: The Suicide Squad
49%
2019 Shazam!
48%
2022 Black Adam
43%
2020 Ptaki Nocy (i fantastyczna emancypacja pewnej Harley Quinn)
41%
2023 Blue Beetle
38%
2024 Joker: Folie à Deux Alternatywne Uniwersum
38%
2023 Shazam! Gniew bogów
34%
2022- Peacemaker
33%
2024 The Penguin Alternatywne Uniwersum
33%
2026 The Batman Part II
28%
2023 Aquaman i Zaginione Królestwo
23%
Nie znaleziono quizów pasujących do podanych kryteriów
Rozkład punktacji
Procent ludzi z każdym wynikiem
Percentyl według liczby udzielonych odpowiedzi
Twoja historia wyników
Nie rozwiązałeś tego quizu od ostatniego zresetowania